000 01560nam a2200277 a 4500
001 79541
003 BD-RjUL
005 20220426143021.0
008 220310s2007 bg a|||| m||| 00| 0 ben d
035 _a(BD-RjUL)79541
040 _aBD-RjUL
_bben / eng
_cBD-RjUL
_dBD-RjUL
041 _aben
082 _a149.2
_bHOB 2007
_223
100 _aহোসেন, মো. মোয়াজ্জেম
_91815
245 _aবাংলার লোকসাহিত্যে বাস্তববাদী দর্শন চিন্তা /
_cমো. মোয়াজ্জেম হোসেন ;
_6গবেষণা তত্ত্বাবধায়ক : আব্দুল হাই তালুকদার
260 _aরাজশাহী :
_bদর্শন বিভাগ, রাজশাহী বিশ্ববিদ্যালয়,
_c২০০৭
300 _ax, ১৮০ পাতা :
_bচিত্র ;
_c২৯ সেমি.
502 _aথিসিস (এম. ফিল.) -- দর্শন বিভাগ, রাজশাহী বিশ্ববিদ্যালয়, ২০০৭
504 _aগ্রন্থপঞ্জী : পাতা ১৭৭ - ১৮০
650 _aবাস্তববাদ
_92523
650 _aRealism
_92162
650 _aসাহিত্যে বাস্তববাদ
_92770
650 _aRealism in literature
_92162
700 _aতালুকদার, আব্দুল হাই, গবেষণা তত্ত্বাবধায়ক
_91818
942 _2ddc
_cTHE
999 _c79541
_d79541